| 000 | 00683nam a2200277Ia 4500 | ||
|---|---|---|---|
| 008 | 170711s9999 xx 000 0 und d | ||
| 020 | _a9781848981058 | ||
| 050 | _a551.22 | ||
| 050 | _bG739 2010 | ||
| 100 | _aGraham, Ian | ||
| 245 | _aEarthquakes / | ||
| 245 | _cby Ian Graham. | ||
| 260 | _aTennessee : | ||
| 260 | _bTicktock Entertainment, | ||
| 260 | _c2010 | ||
| 300 | _a64 pages : | ||
| 300 | _bcolored illustrations ; | ||
| 300 | _c26cm. | ||
| 440 | _a21st century science. | ||
| 500 | _aIncludes glossary and index. | ||
| 650 | _aEarthquakes -- | ||
| 650 | _aEarthquakes. | ||
| 650 | _xJuvenile literature. | ||
| 700 | _aSeries. | ||
| 700 | _aTitle. | ||
| 999 |
_c339975 _d339975 |
||